000 00547nam a2200229Ia 4500
003 0100
008 130307s9999 xx 000 0 und d
020 _a0440561280
040 _cARRUPELIB
050 _aBJ1012.K32 1973
100 _aKaufmann , Walter
245 _aWithout guilty and justice
245 _bfrom decidophobia to autonomy
260 _aNew york
260 _bDell Publishing Company , Inc.
260 _c1973
300 _a274p.
300 _b21cm.
650 _aETHICS
650 _btheology, doctrinal
942 0 0 _01
999 _c96143
_d96143